Geoff Brewer of Brewer Consulting considers the question of jurisdiction in adjudication (Record no. 70176)
[ view plain ]
| 000 -LEADER | |
|---|---|
| fixed length control field | 01483cam a2200217 4500 |
| 001 - CONTROL NUMBER | |
| control field | ABS65364 |
| 008 - FIXED-LENGTH DATA ELEMENTS--GENERAL INFORMATION | |
| fixed length control field | 020507n2002 000 0 eng u |
| 035 ## - SYSTEM CONTROL NUMBER | |
| System control number | (Sirsi) u117849 |
| 100 ## - MAIN ENTRY--PERSONAL NAME | |
| Personal name | Brewer, G |
| 245 ## - TITLE STATEMENT | |
| Title | Geoff Brewer of Brewer Consulting considers the question of jurisdiction in adjudication |
| 260 ## - PUBLICATION, DISTRIBUTION, ETC. | |
| Date of publication, distribution, etc. | 2002 |
| 490 ## - SERIES STATEMENT | |
| Series statement | Contract Journal |
| Volume/sequential designation | 413(6373) 17 April 2002, 22(1) |
| 520 ## - SUMMARY, ETC. | |
| Summary, etc. | Referring to "Chamberlain Carpentry and Joinery Limited v Alfred McAlpine Construction Limited", examines issue of setting adjudicators jurisdiction by reference to notice of adjudication. Claimant(C) was awarded costs after dispute with defendant (A), and although A appealed, appeal was found groundless as notice of intention to adjudicate was found to be sufficiently clear that adjudicator had power to order payment from one party to other, not just power to make declaratory decision as to amounts owing. Concludes that notice to adjudicate is important document to support adjudication process. |
| 590 ## - LOCAL NOTE (RLIN) | |
| Local note | ABS |
| 650 ## - SUBJECT ADDED ENTRY--TOPICAL TERM | |
| Topical term or geographic name entry element | MANAGEMENT-DISPUTE AVOIDANCE, MANAGEMENT AND RESOLUTION-DISPUTE MANAGEMENT AND RESOLUTION-ALTERNATIVE DISPUTE RESOLUTION-ADJUDICATION |
| 650 ## - SUBJECT ADDED ENTRY--TOPICAL TERM | |
| Topical term or geographic name entry element | JURISDICTION |
| 650 ## - SUBJECT ADDED ENTRY--TOPICAL TERM | |
| Topical term or geographic name entry element | CHAMBERLAIN CARPENTRY AND JOINERY V ALFRED MCALPINE CONSTRUCTION |
| 650 ## - SUBJECT ADDED ENTRY--TOPICAL TERM | |
| Topical term or geographic name entry element | INVESTORS COMPENSATION SCHEME LTD V WEST BROMWICH BUILDING SOCIETY |
| 690 ## - LOCAL SUBJECT ADDED ENTRY--TOPICAL TERM (OCLC, RLIN) | |
| Topical term or geographic name as entry element | MANGEMENT-DISPUTE AVOIDANCE, MANAGEMENT AND RESOLUTION-DISPUTE MANAGEMENT AND RESOLUTION |
| 942 ## - ADDED ENTRY ELEMENTS (KOHA) | |
| Suppress in OPAC | 0 |
| Withdrawn status | Lost status | Source of classification or shelving scheme | Damaged status | Not for loan | Home library | Current library | Shelving location | Date acquired | Total Checkouts | Full call number | Barcode | Date last seen | Copy number | Price effective from | Koha item type |
|---|---|---|---|---|---|---|---|---|---|---|---|---|---|---|---|
| Dewey Decimal Classification | London | London | Journal article | 07/05/2002 | ABS65364 | 117849-1001 | 06/08/2019 | 1 | 06/08/2019 | Journal article |